书目信息 |
| 题名: |
中国摄影史
|
|
| 作者: | 胡志川 | |
| 分册: | ||
| 出版信息: | 北京 中国摄影出版社 1998 |
|
| 页数: | 170 | |
| 开本: | 19cm | |
| 丛书名: | ||
| 单 册: | ||
| 中图分类: | J409 | |
| 科图分类: | ||
| 主题词: | 摄影艺术--艺术理论 | |
| 电子资源: | ||
| ISBN: | 7-80007-168-5 | |
| 000 | 00503nam0 2200181 450 | |
| 001 | 0739037328 | |
| 005 | 20070817105037.32 | |
| 010 | @a7-80007-168-5@b精装@d¥13.00 | |
| 100 | @a20070817d km y0chiy0120 ea | |
| 101 | 0 | @achi |
| 200 | 1 | @a中国摄影史@Azhong guo she ying shi@f胡志川@Fhu zhi chuan |
| 210 | @a北京@c中国摄影出版社@d1998 | |
| 215 | @a170@d19cm | |
| 606 | 0 | @a摄影艺术@x艺术理论 |
| 690 | @aJ409@v3 | |
| 701 | 0 | @a胡志川@Ahu zhi chuan |
| 801 | 0 | @aCN@bPFT@c20070817 |
| 905 | @a213230@dJ409@eM16 | |
| 中国摄影史/胡志川.-北京:中国摄影出版社,1998 |
| 170;19cm |
| ISBN 7-80007-168-5(精装):¥13.00 |
| ● |
| 相关链接 |
|
|
|
|
正题名:中国摄影史
索取号:J409/M16
 
预约/预借
| 序号 | 登录号 | 条形码 | 馆藏地/架位号 | 状态 | 备注 |
| 1 | 6400655 | 264006550 | 密集书库-美术系/ [索取号:J409/M16] | 在馆 |